Case studies in interpersonal communication : (Record no. 1660)

MARC details
000 -LEADER
fixed length control field 00750nam a22002172 4500
001 - CONTROL NUMBER
control field 0000021081
005 - DATE AND TIME OF LATEST TRANSACTION
control field 20151021152606.0
008 - FIXED-LENGTH DATA ELEMENTS--GENERAL INFORMATION
fixed length control field 120111s xx 000 0 eng d
020 ## - INTERNATIONAL STANDARD BOOK NUMBER
International Standard Book Number 0534565387 :
040 ## - CATALOGING SOURCE
Original cataloging agency KABU
Transcribing agency KABU
245 10 - TITLE STATEMENT
Title Case studies in interpersonal communication :
Remainder of title processes and problems /
Statement of responsibility, etc. edited by Dawn O. Braithwaite and Julia T. Wood.
250 ## - EDITION STATEMENT
Edition statement 1st ed.
260 ## - PUBLICATION, DISTRIBUTION, ETC. (IMPRINT)
Place of publication, distribution, etc. London :
Name of publisher, distributor, etc. Thomson Learning,
Date of publication, distribution, etc. 2000.
300 ## - PHYSICAL DESCRIPTION
Extent xviii, 278 p.
650 #0 - SUBJECT ADDED ENTRY--TOPICAL TERM
Topical term or geographic name as entry element Interpersonal communication
General subdivision Case studies.
-- 0000181757
700 1# - ADDED ENTRY--PERSONAL NAME
Personal name Braithwaite, Dawn O.
-- 0000181758
700 1# - ADDED ENTRY--PERSONAL NAME
Personal name Wood, Julia T.
-- 0000181759
852 1# - LOCATION
-- p8388 KES
908 ## - PUT COMMAND PARAMETER (RLIN)
Put command parameter 120111
950 ## - LOCAL HOLDINGS (RLIN)
-- 1
Holdings
Withdrawn status Lost status Source of classification or shelving scheme Not for loan Home library Current library Date acquired Total Checkouts Full call number Barcode Date last seen Date last checked out Copy number Price effective from Koha item type
    Library of Congress Classification   Kabarak, Main Campus Kabarak, Main Campus 21/10/2015 1 BF37 .C43C37 2000 c. 1 20306 02/08/2024 18/01/2020 c.1 21/10/2015 General Collection
Designed with assistance from East African Informatics Ltd